000 00478cam a2200181 4500
001 D14935
008 090401t1962 xxu||||| |||| 00| 0 eng d
035 _a(Sirsi) u18954
041 _aeng
050 _a526.990222
100 _aRobinson, A.H.W.
245 _aMarine cartography in Britain: a history of the sea chart to 1855
260 _aLeicester
_bLeicester University Press
_c1962
300 _a222p. ill. 28cm
350 _a5.25
942 _n0
948 _c04/03/1997
999 _c87637
_d87637